[Event "Baltic Cup 3rd"]
[Site "Darlowko"]
[Date "2019.06.30"]
[Round "9"]
[White "Oborski, Artur"]
[Black "Spicak, Krzysztof"]
[Result "1-0"]
[WhiteElo "1981"]
[BlackElo "1921"]
[PlyCount "85"]
[EventDate "2019.06.23"]
[EventType "swiss"]
[EventRounds "9"]
[EventCountry "POL"]
[SourceTitle "CBM 191 Extra"]
[Source "ChessBase"]
[SourceDate "2019.09.30"]
[SourceVersion "1"]
[SourceVersionDate "2019.09.30"]
[SourceQuality "1"]

1. d4 d5 2. c4 e6 3. Nf3 c6 4. e3 f5 5. g3 Nf6 6. Bg2 Bd6 7. 0-0 dxc4 8. Nfd2 b5 9. a4 Qa5 10. Nc3 Nd5 11. Qc2 0-0 12. e4 Nxc3 13. bxc3 Bb7 14. Rb1 Qc7 15. axb5 cxb5 16. Rxb5 Bc6 17. Rb1 Nd7 18. Nxc4 Rac8 19. Nxd6 Qxd6 20. Bf4 Qe7 21. d5 Ba8 22. exf5 Rxf5 23. Rfe1 Rxf4 24. gxf4 Qh4 25. dxe6 Nf6 26. Bxa8 Rxa8 27. Qd3 Qxf4 28. e7 Qg4+ 29. Kh1 Re8 30. Rb4 Qh5 31. Rd4 Qc5 32. Qc4+ Qxc4 33. Rxc4 Nd5 34. Rc5 Nxe7 35. Rc7 Kf8 36. Rxa7 h6 37. Kg2 g6 38. Rexe7 Rxe7 39. Rxe7 Kxe7 40. Kf3 Ke6 41. Ke4 Kd6 42. c4 Ke6 43. c5 1-0

[Event "Jastrzebie Zdroj op"]
[Site "Jastrzebie Zdroj"]
[Date "2018.08.23"]
[Round "7"]
[White "Oborski, Artur"]
[Black "Piechota, Kamil"]
[Result "1/2-1/2"]
[WhiteElo "1988"]
[BlackElo "1505"]
[PlyCount "119"]
[EventDate "2018.08.18"]
[EventType "swiss"]
[EventRounds "9"]
[EventCountry "POL"]
[SourceTitle "CBM 186 Extra"]
[Source "ChessBase"]
[SourceDate "2018.08.24"]
[SourceVersion "1"]
[SourceVersionDate "2018.08.24"]
[SourceQuality "1"]

1. e4 e5 2. Nf3 Nc6 3. Bb5 a6 4. Ba4 Nf6 5. 0-0 b5 6. Bb3 Bc5 7. d3 Bb7 8. Nc3 d6 9. a4 b4 10. Ne2 h6 11. c3 0-0 12. Ng3 Re8 13. Nf5 d5 14. Qe2 Na5 15. Bc2 b3 16. Bb1 Qd7 17. N3h4 Kh7 18. Qf3 Qe6 19. Nxg7 Kxg7 20. Nf5+ Kh7 21. Bxh6 Kh8 22. Ng7 Qd6 23. Nxe8 Rxe8 24. Qg3 Rg8 25. Qh4 Nh7 26. d4 Qg6 27. g3 Bf8 28. Bxf8 Rxf8 29. exd5 f5 30. dxe5 Bxd5 31. Bd3 Qg5 32. Rfe1 Qxh4 33. gxh4 Bc4 34. Bxc4 Nxc4 35. Rad1 Re8 36. f4 Nf8 37. Re2 Ne6 38. Rf2 Rg8+ 39. Kh1 Rg4 40. h3 Rxh4 41. Kh2 Ne3 42. Rd7 Ng4+ 43. Kg3 Rxh3+ 44. Kxh3 Nxf2+ 45. Kh4 Ne4 46. Rf7 Nxf4 47. Rxf5 Nd3 48. e6 Nd6 49. Rd5 Nxb2 50. Rxd6 Kg7 51. e7 Kf7 52. Re6 Ke8 53. Re1 Nxa4 54. Kg5 b2 55. Kf6 Nxc3 56. Rh1 Nd5+ 57. Ke6 Nf4+ 58. Ke5 Ng6+ 59. Kf6 Nxe7 60. Re1 1/2-1/2

[Event "POL-chT U20"]
[Site "Kudowa Zdroj"]
[Date "2018.07.24"]
[Round "4.3"]
[White "Kosior, Jan1111"]
[Black "Oborski, Artur"]
[Result "0-1"]
[WhiteElo "1466"]
[BlackElo "1821"]
[PlyCount "72"]
[EventDate "2018.07.21"]
[EventType "team-tourn"]
[EventRounds "9"]
[EventCountry "POL"]
[SourceTitle "CBM 186 Extra"]
[Source "ChessBase"]
[SourceDate "2018.08.24"]
[SourceVersion "1"]
[SourceVersionDate "2018.08.24"]
[SourceQuality "1"]

1. e4 e6 2. d4 d5 3. exd5 exd5 4. Nf3 Nf6 5. Bd3 Be7 6. h3 0-0 7. 0-0 Nbd7 8. Nbd2 c5 9. c3 c4 10. Bc2 b5 11. Re1 Bb7 12. Ne5 Bd6 13. Ndf3 Ne4 14. Nxd7 Qxd7 15. Ng5 Nf6 16. Nf3 Rae8 17. Ne5 Qc7 18. Bf4 Ne4 19. f3 f6 20. fxe4 fxe5 21. Bxe5 Bxe5 22. dxe5 Rxe5 23. exd5 Rxd5 24. Qe2 Rg5 25. Be4 Qb6+ 26. Qe3 Bxe4 27. Qxb6 Rxg2+ 28. Kh1 axb6 29. Rxe4 Rxb2 30. Re6 b4 31. Rxb6 bxc3 32. Rc6 c2 33. Rxc4 Rb1+ 34. Kg2 Rxa1 35. Rxc2 Ra8 36. Kg3 R1xa2 0-1

[Event "POL-chT U20"]
[Site "Kudowa Zdroj"]
[Date "2018.07.21"]
[Round "1.21"]
[White "Czernecki, Andrzej"]
[Black "Oborski, Artur"]
[Result "0-1"]
[WhiteElo "1472"]
[BlackElo "1821"]
[PlyCount "104"]
[EventDate "2018.07.21"]
[EventType "team-tourn"]
[EventRounds "9"]
[EventCountry "POL"]
[SourceTitle "CBM 186 Extra"]
[Source "ChessBase"]
[SourceDate "2018.08.24"]
[SourceVersion "1"]
[SourceVersionDate "2018.08.24"]
[SourceQuality "1"]

1. e4 c5 2. Nf3 d6 3. d4 cxd4 4. Nxd4 Nf6 5. Nc3 Nc6 6. f3 e5 7. Nb3 Be7 8. Be3 0-0 9. Qd2 a5 10. Bb5 Na7 11. Be2 Be6 12. 0-0 Nc8 13. Bb5 Nb6 14. Qf2 Nc4 15. Bxc4 Bxc4 16. Rfd1 a4 17. Bb6 Qc8 18. Na5 a3 19. b3 Be6 20. Nb5 Nd7 21. Nxd6 Bxd6 22. Rxd6 Nxb6 23. Qxb6 Qc3 24. Rad1 Qxa5 25. Qxb7 Ra7 26. Qb6 h6 27. Qe3 Rc7 28. c4 Qb4 29. Kh1 Qb7 30. Qc3 Rc5 31. Qe3 Rfc8 32. Qd2 Kh7 33. Qc3 Qa7 34. Qd2 R5c6 35. Rd3 Qc5 36. h3 Re8 37. Kh2 Re7 38. Rd8 Rcc7 39. Qd6 Qxd6 40. R1xd6 Ra7 41. Kg3 Reb7 42. Rd3 Kg6 43. R8d6 Rd7 44. Rd2 Kf6 45. f4 exf4+ 46. Kxf4 g5+ 47. Ke3 Ke5 48. R6d3 Rxd3+ 49. Rxd3 Rd7 50. g3 Rxd3+ 51. Kxd3 Bxh3 52. b4 Bg2 0-1

[Event "Lazy op 14th"]
[Site "Lazy"]
[Date "2018.07.03"]
[Round "9"]
[White "Wacior, Maciej"]
[Black "Oborski, Artur"]
[Result "1-0"]
[WhiteElo "2110"]
[BlackElo "1801"]
[PlyCount "61"]
[EventDate "2018.06.24"]
[EventType "swiss"]
[EventRounds "9"]
[EventCountry "POL"]
[SourceTitle "CBM 185 Extra"]
[Source "ChessBase"]
[SourceDate "2018.07.29"]
[SourceVersion "1"]
[SourceVersionDate "2018.07.29"]
[SourceQuality "1"]

1. d4 Nf6 2. Nf3 g6 3. Bf4 Bg7 4. h3 0-0 5. e3 d6 6. Bc4 Nbd7 7. 0-0 Qe8 8. Bh2 e5 9. c3 Qe7 10. a4 a5 11. Nbd2 e4 12. Ne1 b6 13. b4 axb4 14. cxb4 d5 15. Bb5 Bb7 16. Rc1 Rfc8 17. Bxc7 Qxb4 18. Rb1 Qe7 19. Bh2 Ba6 20. Nc2 Bxb5 21. axb5 Ra4 22. Rb3 Bf8 23. Qb1 Qe6 24. Qb2 Rca8 25. Rc3 Qe8 26. Rc6 Be7 27. Qb3 R4a5 28. Nb1 Nb8 29. Rxb6 Nfd7 30. Rb7 Qc8 31. Rc7 1-0

[Event "Lazy op 14th"]
[Site "Lazy"]
[Date "2018.07.02"]
[Round "8"]
[White "Oborski, Artur"]
[Black "Wisniewski, Michal"]
[Result "1-0"]
[WhiteElo "1801"]
[BlackElo "2204"]
[PlyCount "64"]
[EventDate "2018.06.24"]
[EventType "swiss"]
[EventRounds "9"]
[EventCountry "POL"]
[SourceTitle "CBM 185 Extra"]
[Source "ChessBase"]
[SourceDate "2018.07.29"]
[SourceVersion "1"]
[SourceVersionDate "2018.07.29"]
[SourceQuality "1"]

1. e4 g6 2. d4 Bg7 3. Nc3 c5 4. Nf3 cxd4 5. Nxd4 Nc6 6. Be3 Nf6 7. Bc4 Nxe4 8. Nxe4 d5 9. Bb5 Bd7 10. Bxc6 bxc6 11. Ng3 e5 12. Nb3 f5 13. Bc5 a5 14. a4 Qg5 15. h4 Qf6 16. Qd2 f4 17. Nf1 Kf7 18. f3 Rhb8 19. 0-0-0 h5 20. Qe2 Bf5 21. Nfd2 Rb7 22. Ba3 Rab8 23. Nc5 Rxb2 24. Bxb2 Rxb2 25. Nde4 Bxe4 26. Nxe4 Qe7 27. Kxb2 Qb4+ 28. Kc1 Bf8 29. c3 Qxa4 30. Ng5+ Kf6 31. Qc2 Ba3+ 32. Kd2 Qc4 1-0

[Event "Lazy op 14th"]
[Site "Lazy"]
[Date "2018.06.29"]
[Round "6"]
[White "Luczak, Filip"]
[Black "Oborski, Artur"]
[Result "0-1"]
[WhiteElo "2044"]
[BlackElo "1801"]
[PlyCount "106"]
[EventDate "2018.06.24"]
[EventType "swiss"]
[EventRounds "9"]
[EventCountry "POL"]
[SourceTitle "CBM 185 Extra"]
[Source "ChessBase"]
[SourceDate "2018.07.29"]
[SourceVersion "1"]
[SourceVersionDate "2018.07.29"]
[SourceQuality "1"]

1. Nf3 Nf6 2. g3 g6 3. Bg2 Bg7 4. 0-0 d5 5. d4 0-0 6. c4 dxc4 7. Na3 Nc6 8. Nxc4 Be6 9. b3 a5 10. Bb2 Bd5 11. Rc1 a4 12. bxa4 Ra6 13. Ne3 Bxa2 14. Ra1 Bd5 15. Nxd5 Nxd5 16. Ne5 Nxe5 17. dxe5 e6 18. Ra3 c6 19. Qa1 Nb6 20. Rc1 Qc7 21. a5 Nd7 22. f4 Rfa8 23. Bc3 Bf8 24. Ra2 b6 25. Kh1 bxa5 26. Rac2 Rb8 27. Qa4 Nc5 28. Qc4 Rb5 29. Bd4 Rb4 30. Qc3 Nb3 31. Rd1 Nxd4 32. Rxd4 Qb6 33. Rc4 c5 34. Be4 a4 35. Ra2 Ra7 36. Bd3 Rb3 37. Qc2 a3 38. Rc3 Rxc3 39. Qxc3 Qb4 40. Qc4 Ra4 41. Qc2 c4 42. Be4 Qb3 43. Kg2 Ra7 44. Kh3 Rd7 45. Kg4 Bb4 46. Bd3 Qxc2 47. Bxc2 Rd2 48. Kf3 Bc5 49. h4 Bd4 50. h5 Bb2 51. Be4 c3 52. Ke3 c2 53. Kxd2 c1Q+ 0-1

[Event "POL-chT U20"]
[Site "Szczyrk"]
[Date "2017.07.26"]
[Round "5.27"]
[White "Sanz Wawer, Daniel"]
[Black "Oborski, Artur"]
[Result "1-0"]
[WhiteElo "2027"]
[BlackElo "1947"]
[PlyCount "117"]
[EventDate "2017.07.22"]
[EventType "team-tourn"]
[EventRounds "9"]
[EventCountry "POL"]
[SourceTitle "EXT 2019"]
[Source "ChessBase"]
[SourceDate "2018.10.10"]
[SourceVersion "1"]
[SourceVersionDate "2018.10.10"]
[SourceQuality "1"]

1. d4 Nf6 2. c4 g6 3. f3 Bg7 4. e4 e5 5. Bg5 d6 6. Ne2 0-0 7. Nbc3 exd4 8. Nxd4 c6 9. Qd2 a5 10. 0-0-0 a4 11. Nc2 Qa5 12. Bh6 Bxh6 13. Qxh6 Nbd7 14. h4 Qe5 15. Qd2 Nh5 16. Qxd6 Ng3 17. Rg1 Qxd6 18. Rxd6 Ne5 19. b3 axb3 20. axb3 f5 21. f4 Nf7 22. Rd3 Nxe4 23. Nxe4 fxe4 24. Re3 h5 25. Be2 Nh6 26. g3 Bf5 27. Kb2 c5 28. Rd1 Nf7 29. Rd5 b6 30. Bxh5 Be6 31. Bxg6 Bxd5 32. cxd5 Nd6 33. Bxe4 Rae8 34. Bg6 Rxe3 35. Nxe3 Kg7 36. f5 Ne4 37. g4 Rh8 38. Ng2 Nf6 39. g5 Nxd5 40. h5 Rd8 41. h6+ Kg8 42. Bh5 Kh7 43. Bf7 Ne7 44. Nf4 Rd2+ 45. Kc3 Rf2 46. f6 Nc6 47. g6+ Kxh6 48. g7 Nb4 49. Bg6 Rxf4 50. g8Q Nd5+ 51. Kb2 Nxf6 52. Qf7 Kg5 53. Bc2 Kg4 54. Qe6+ Kg3 55. Qxb6 Nd7 56. Qg6+ Kf2 57. Qd6 Rd4 58. Qe7 Kf3 59. Kc3 1-0

[Event "POL Olympiad U14"]
[Site "Drzonkow"]
[Date "2017.04.02"]
[Round "1"]
[White "Wojnowski, Jan"]
[Black "Oborski, Artur"]
[Result "0-1"]
[WhiteElo "1505"]
[BlackElo "1808"]
[PlyCount "142"]
[EventDate "2017.04.02"]
[EventType "swiss"]
[EventRounds "9"]
[EventCountry "POL"]
[SourceTitle "EXT 2020"]
[Source "ChessBase"]
[SourceDate "2019.10.17"]
[SourceVersion "1"]
[SourceVersionDate "2019.10.17"]
[SourceQuality "1"]

1. e4 c5 2. Nf3 e6 3. c3 Nf6 4. e5 Nd5 5. c4 Nb6 6. d4 cxd4 7. Nxd4 Qc7 8. Qe2 a6 9. f4 d5 10. Nd2 dxc4 11. Nxc4 Bb4+ 12. Bd2 Bxd2+ 13. Nxd2 0-0 14. g3 Nc6 15. Nxc6 Qxc6 16. Bg2 Nd5 17. Nb3 Bd7 18. Rc1 Qb6 19. Bxd5 exd5 20. Qd2 Rac8 21. Rd1 Rc4 22. Nd4 Bg4 23. b3 Rc7 24. Rb1 Rfc8 25. h3 Bd7 26. Rh2 Qg6 27. Rd1 Qxg3+ 28. Qf2 Qc3+ 29. Qd2 Qxd2+ 30. Rdxd2 Rc3 31. Kf2 Rxh3 32. Rxh3 Bxh3 33. Ne2 Be6 34. Ke3 Kf8 35. Kd4 Ke7 36. Nc3 g6 37. Rg2 h5 38. Nxd5+ Bxd5 39. Kxd5 Rc3 40. Rf2 f6 41. exf6+ Kxf6 42. Kd4 Rc6 43. Ke4 Re6+ 44. Kf3 Kf5 45. Rg2 Re1 46. Rg5+ Kf6 47. Rc5 Rf1+ 48. Kg3 Rd1 49. Kf3 Rd2 50. Ra5 h4 51. Kg4 Rd4 52. Rc5 h3 53. Rc2 g5 54. Kxh3 gxf4 55. Kg4 Ke5 56. Rc7 b5 57. Re7+ Kd5 58. Ra7 Ke4 59. Rxa6 Ke3 60. Re6+ Kf2 61. Kf5 f3 62. Rb6 b4 63. Rc6 Rd2 64. Kf4 Rxa2 65. Rb6 Rb2 66. Rxb4 Kg2 67. Rb6 f2 68. Rg6+ Kf1 69. Rb6 Ke1 70. Re6+ Kd1 71. Rd6+ Kc1 0-1